000 00488pab a2200169 454500
008 180718b2005 xxu||||| |||| 00| 0 eng d
100 _aBrug, Wouter Vander
245 _aWhy some anti-immigrant parties fail and others succeed: a two-step model of aggregate electoral support
260 _c2005
300 _ap.537-73.
362 _aJun
650 _aElections
700 _aTillie, Jean
700 _aFennema, Meindert
773 _aComparative Political Studies
909 _a65265
999 _c65265
_d65265